000 00896nam a2200241 i 4500
001 162784
003 ES-MaACL
005 20250820142434.0
008 940615s1891 sp a |||| | spa d
040 _aAR
_bspa
080 _a821.134.2-14"18"
100 1 _aQuerol, Vicente W.
_994547
245 1 0 _aRimas /
_cde Vicente W. Querol ; con un prólogo de Teodoro Llorente.
260 _aMadrid :
_b[s.n.],
_c1891 (
_fImp. y Fundición de M. Tello)
300 _aXLIV, 365 p., [1] h. de lám. ;
_c18 cm.
490 1 _aColección de escritores castellanos. Líricos ;
_v90
597 _aPort. a dos tintas orlada.
599 _aH. de lám. calc. : "B. Maura f.", retrato del autor. -
700 1 _aLlorente, Teodoro,
_d1836-1911
_9150700
830 0 _aColección de escritores castellanos. Líricos ;
_v90
_9187678
852 _aES-MaACL
_jF-12659
_z-- Enc. hol.
999 _c162784
_d162784